LAUTECH

Policy and scale factors influencing efficiency in dairy and poultry produc (Record no. 25328)

MARC details
000 -LEADER
fixed length control field 00287nam a2200097Ia 4500
008 - FIXED-LENGTH DATA ELEMENTS--GENERAL INFORMATION
fixed length control field 120527s9999 xx 000 0 und d
100 ## - MAIN ENTRY--AUTHOR
Author JABBAR, M.A
245 ## - TITLE STATEMENT
Title Policy and scale factors influencing efficiency in dairy and poultry produc
260 ## - PUBLICATION, DISTRIBUTION, ETC. (IMPRINT)
Name of publisher International Livestock
942 ## - ADDED ENTRY ELEMENTS (KOHA)
Item type Books
Holdings
Not for loan Home library Current library Shelving location Date acquired Accen. No. Koha item type
  OLUSEGUN OKE LIBRARY LAUTECH OLUSEGUN OKE LIBRARY LAUTECH   28/05/2012 19930 Books